Click Jumble - Islands - Statistics

General Stats
  • This quiz has been taken 112 times
    95 since last reset
  • The average score is 12 of 15
Answer Stats
Hint Answer % Correct
On what island might you find a lemur in a baobab tree? AAAACDGMRS
92%
What island houses a communist government just 367 km from Miami? ABCU
92%
What is Japan’s largest island? HHNOSU
92%
Which of Spain’s Balearic Islands is most known for its partying and nightlife? ABIIZ
91%
What Greco-Turkish island causes continental confusion? CPRSUY
89%
What is the largest island in the world by area? ADEEGLNNR
87%
Where did Vito Corleone live before he moved to America? CIILSY
84%
Where was Napoleon exiled the first time? ABEL
81%
Where did the Vikings colonize in 870? ACDEILN
80%
What island country has a trident on its flag? AABBDORS
78%
What major Canadian city shares its name with the island it’s on? AELMNORT
78%
What island is often just called “The Big Island”? AAHIIW
77%
Where did the Ancient Minoan civilization live? CEERT
77%
What is the most populous island in the world? AAJV
72%
What island was the site of the last major WWII battle? AAIKNOW
68%
No matching quizzes found
Score Distribution
Percent of People with Each Score
Percentile by Number Answered
Your Score History
You have not taken this quiz since the last reset